000 00722nam a2200205 i 4500
001 182387
003 ES-MaACL
005 20250918063043.0
008 130807s1933 fr |||| | fre d
100 1 _aMolière,
_d1622-1673
_981873
245 1 3 _aLe bourgeois gentilhomme
_b: comédie-ballet /
_cMolière ; avec une notice.. par René d'Hermies.
250 _a[74 éd].
260 _aParis :
_bLarousse,
_c[1933]
300 _a114 p., [1] h. retr. ;
_c17 cm.
490 1 _aClassiques Larousse
700 1 _aHermies, René d'.
_9153196
830 0 _aClassiques Larousse
_9189084
852 _aES-MaACL
_j2321-F-12
_z.- Donat. herederos de la bibl. de Mª del Pilar Costa Palacín
999 _c182387
_d182387